|
|
|
|
| LEADER |
02809nam a2200661 i 4500 |
| 001 |
nkc20223466494 |
| 003 |
CZ PrNK |
| 005 |
20230124083234.0 |
| 007 |
ta |
| 008 |
221026s2022 xr ac g f 000 0acze |
| 015 |
|
|
|a cnb003466494
|
| 020 |
|
|
|a 978-80-908260-3-8
|q (kroužková vazba)
|
| 035 |
|
|
|a (OCoLC)1369541396
|
| 040 |
|
|
|a BOA001
|b cze
|e rda
|
| 043 |
|
|
|a e-xr---
|
| 045 |
|
|
|a x-y-
|
| 072 |
|
7 |
|a 316.3
|x Globální společnosti. Sociální struktura. Sociální skupiny
|2 Konspekt
|9 18
|
| 072 |
|
7 |
|a 929
|x Biografie
|2 Konspekt
|9 8
|
| 080 |
|
|
|a 316.344.6-056.26/.29
|2 MRF
|
| 080 |
|
|
|a 316.344.6-056.29:685.383
|2 MRF
|
| 080 |
|
|
|a 616.1/.9
|2 MRF
|
| 080 |
|
|
|a 316.662-021.464
|2 MRF
|
| 080 |
|
|
|a 929
|2 MRF
|
| 080 |
|
|
|a (437.3)
|2 MRF
|
| 080 |
|
|
|a (092)
|2 MRF
|
| 080 |
|
|
|a (0.062)
|2 MRF
|
| 100 |
1 |
|
|a Švehla, Zbyněk
|7 js20051226034
|4 aut
|4 ill
|
| 245 |
1 |
0 |
|a Vozíčkov :
|b interaktivní kniha o světě lidí na vozíku /
|c Zbyněk Švehla, Markéta Vítková
|
| 250 |
|
|
|a První vydání
|
| 264 |
|
1 |
|a Sedlčany :
|b Spolek pro Sedlčansko a Královéhradecko z.s.,
|c 2022
|
| 300 |
|
|
|a 82 stran (některé složené) :
|b ilustrace (převážně barevné) ;
|c 22 x 25 cm +
|e 33 karet (11 x 7 cm) + 1 rozložená krabička (16 x 8 cm) + 5 listů vystřihovánek (19 x 19 cm) + 18 papírových koleček se suchým zipem pro vyjádření aktivit (Ø 2 cm)
|
| 336 |
|
|
|a text
|b txt
|2 rdacontent
|
| 336 |
|
|
|a statický obraz
|b sti
|2 rdacontent
|
| 337 |
|
|
|a bez média
|b n
|2 rdamedia
|
| 338 |
|
|
|a svazek
|b nc
|2 rdacarrier
|
| 500 |
|
|
|a Kroužková vazba v pevných deskách
|
| 500 |
|
|
|a Listy s odklápěcími okénky
|
| 500 |
|
|
|a Karty a vystřihovánky uloženy v kapsách v zadní části publikace
|
| 600 |
1 |
7 |
|a Švehla, Zbyněk
|7 js20051226034
|2 czenas
|
| 648 |
|
7 |
|a 20.-21. století
|7 ch462155
|2 czenas
|
| 650 |
0 |
7 |
|a osoby s tělesným postižením
|7 ph126837
|z Česko
|y 20.-21. století
|2 czenas
|
| 650 |
0 |
7 |
|a vozíčkáři
|7 ph127242
|z Česko
|y 20.-21. století
|2 czenas
|
| 650 |
0 |
7 |
|a zdravotní postižení
|7 ph325856
|2 czenas
|
| 650 |
0 |
7 |
|a osobní autonomie
|7 ph807150
|2 czenas
|
| 650 |
0 |
9 |
|a people with physical disabilities
|z Czechia
|y 20th-21st centuries
|2 eczenas
|
| 650 |
0 |
9 |
|a wheelchair users
|z Czechia
|y 20th-21st centuries
|2 eczenas
|
| 650 |
0 |
9 |
|a health disabilities
|2 eczenas
|
| 650 |
0 |
9 |
|a personal autonomy
|2 eczenas
|
| 655 |
|
7 |
|a autobiografie
|7 fd131855
|2 czenas
|
| 655 |
|
7 |
|a populárně-naučné publikace
|7 fd131864
|2 czenas
|
| 655 |
|
9 |
|a autobiography
|2 eczenas
|
| 655 |
|
9 |
|a popular works
|2 eczenas
|
| 700 |
1 |
|
|a Vítková, Markéta,
|d 1979-
|7 jo20191039382
|4 aut
|4 ill
|
| 910 |
2 |
|
|a BOA001
|b UP-1498.737
|
| 990 |
|
|
|a BK
|
| 995 |
|
|
|a 01
|
| 991 |
|
|
|b 202301
|c NOV
|
| 996 |
6 |
|
|b 2610927627
|c UP-1498.737
|l MZK
|r Sklad / do 24 hodin
|n 2
|p p.v.
|w 001910138
|u 000010
|a 1
|e BOA001
|j MZK50
|s P
|